000 00254nam a2200097Ia 4500
001 1042451
005 20250826232101.0
008 250824s9999 xx 000 0 und d
245 0 _aİSLAM DEKLARASYONU
_cALİYA İZZETBEGOVİÇ
260 _bKETEBE YAYINLARI
999 _c1042451
_d1042451